| 000 | 00437nam a2200145 a 4500 | ||
|---|---|---|---|
| 001 | 000047470 | ||
| 005 | 20201002060546.0 | ||
| 008 | 180606s2017 dr a 000 spa d | ||
| 020 | _a9789945894677 | ||
| 040 |
_aDO-SdBNP _bspa _cBNPHU |
||
| 245 | 0 | _aCrítica, ciencia y lenguaje. | |
| 260 |
_aSanto Domingo : _bAcademia de Ciencia de la República Dominicana, _c2017. |
||
| 300 |
_a76 p. : _bil. ; _c24 cm. |
||
| 590 | _aInventariado,2018/DG | ||
| 999 |
_c46958 _d46958 |
||